000
00344nam a2200145Ia 4500
005
20250509065611.0
008
240331s9999 xx 000 0 und d
082
_b
THA
_a
891
100
_a
Thamaraichchelvi,
245
0
_a
Vanniyachchi
260
_a
Colombo
_b
Meera Pathippagam
_c
2005
300
_a
95 p .,
650
_a
Short Stories
942
_c
L
999
_c
4335
_d
4335